000 00784nam a2200241 a 4500
001 000021184
005 20200930011245.0
008 100901s2002 ag r 000 0 spa d
020 _a9501701581
040 _aDO-SdBNP
_bspa
_cBNPHU
041 1 7 _aspa
_hpor
_2Código de idioma MARC
082 _a155.937
_bT828m, 2002
100 1 _aTrigueirinho,
_944288
240 1 2 _aA morte sem medo e sem culpa.
_lEspañol.
245 1 3 _aLa muerte sin miedo ni culpa / :
_bTrigueirinho ; traducción de Héctor V. Morel.
250 _a6a ed.
260 _aBuenos Aires :
_bKier,
_c2002.
300 _a122, [5] p. ;
_c20 cm.
534 _pTítulo original en portugués:
_tA morte sem medo e sem culpa.
650 4 _aMuerte
_911503
700 1 _aMorel, Héctor V.,
_etr.
_932566
049 _aBNGR
999 _c20685
_d20685